| 000 | 006810000a22002050004500 | ||
|---|---|---|---|
| 003 | LK-CoMWRAF | ||
| 005 | 20231217192025.0 | ||
| 008 | 230817t2006 ||||| |||| 00| 0 eng d | ||
| 020 | _a9789558610268 | ||
| 040 |
_aLK-CoMWRAF _dLK-CoMWRAF _eLK-CoMWRAF |
||
| 041 | _aeng | ||
| 082 |
_a363.3492 _bGOO |
||
| 100 | _aGoonesekere, Savitri W.E. | ||
| 245 |
_a A gender analysis of Tsunami impact : _brelief, recovery, and reconstruction in some districts in Sri Lanka |
||
| 260 |
_aColombo: _bCentre for Women's Research, _c2006 |
||
| 300 | _aiii, 57 p. : color maps ; 26 cm | ||
| 650 | _aTsunami relief- Sri Lanka | ||
| 650 | _aWomen disaster victims- Rehabilitation | ||
| 942 | _cBK | ||
| 999 |
_c2229 _d2229 |
||